The complete guide to external wall insulation (Record no. 106083)
[ view plain ]
| 000 -LEADER | |
|---|---|
| fixed length control field | 01316cam a2200253 4500 |
| 001 - CONTROL NUMBER | |
| control field | ##L135512 |
| 008 - FIXED-LENGTH DATA ELEMENTS--GENERAL INFORMATION | |
| fixed length control field | 061103n2006 000 0 eng u |
| 020 ## - INTERNATIONAL STANDARD BOOK NUMBER | |
| International Standard Book Number | 0955363608 |
| 035 ## - SYSTEM CONTROL NUMBER | |
| System control number | (Sirsi) u135512 |
| 041 0# - LANGUAGE CODE | |
| Language code of text/sound track or separate title | eng |
| 050 ## - LIBRARY OF CONGRESS CALL NUMBER | |
| Classification number | 690 $2 18 |
| 100 1# - MAIN ENTRY--PERSONAL NAME | |
| Personal name | Pearson, Christopher J. |
| 245 04 - TITLE STATEMENT | |
| Title | The complete guide to external wall insulation |
| 260 ## - PUBLICATION, DISTRIBUTION, ETC. | |
| Place of publication, distribution, etc. | [S.l.] |
| Name of publisher, distributor, etc. | York Publishing Service |
| Date of publication, distribution, etc. | 2006 |
| 300 ## - PHYSICAL DESCRIPTION | |
| Extent | 308p. |
| Other physical details | ill. |
| Dimensions | 24cm |
| 350 ## - PRICE (NR) (BK AM CF MU VM SE) [OBSOLETE] | |
| Price | 50 |
| 505 01 - FORMATTED CONTENTS NOTE | |
| Formatted contents note | Overview of external wall insulation -- Syatem performance -- materials and components -- Design and detailed drawings -- Installation and repairs -- Application |
| 520 ## - SUMMARY, ETC. | |
| Summary, etc. | Collates all of the technical information needed for external wall insulation to be installed on building and refurbishment projects. Since the major energy saving interest in the United Kingdom is concerned with up-grading dwellings and public sector buildings, such as schools and hospitals, those areas on which attention is focused. However, some consideration has been devoted to the use of external insulation on the walls of new buildings where air-conditioning is used. |
| 590 ## - LOCAL NOTE (RLIN) | |
| Local note | IKA141106 |
| 651 #4 - SUBJECT ADDED ENTRY--GEOGRAPHIC NAME | |
| Geographic name | United Kingdom |
| Chronological subdivision | |
| 690 ## - LOCAL SUBJECT ADDED ENTRY--TOPICAL TERM (OCLC, RLIN) | |
| Topical term or geographic name as entry element | BUILT ENVIRONMENT-BUILDING ELEMENTS-COMPLETE BUILDING ELEMENTS-WALLS-EXTERNAL WALLS |
| 942 ## - ADDED ENTRY ELEMENTS (KOHA) | |
| Suppress in OPAC | 0 |
| Withdrawn status | Lost status | Source of classification or shelving scheme | Damaged status | Not for loan | Home library | Current library | Shelving location | Date acquired | Cost, normal purchase price | Total Checkouts | Full call number | Barcode | Date last seen | Date last checked out | Copy number | Cost, replacement price | Price effective from | Koha item type |
|---|---|---|---|---|---|---|---|---|---|---|---|---|---|---|---|---|---|---|
| Dewey Decimal Classification | London | London | Books | 10/11/2006 | 50.00 | 1 | 690 PEA | 30073457 | 06/08/2019 | 21/11/2006 | 1 | 50.00 | 06/08/2019 | Book |